000 00688nam a2200241Ia 4500
001 21833
005 20260320113316.0
008 260320s9999||||xx |||||||||||||| ||und||
041 _aESP
082 _a401.4
_bV19
100 _aValdivia Cano, Juan Carlos,
_eAUT
245 0 _aLenguaje y libertad
_b
246 _a
_5
_b
260 _a[Lugar de publicación no identificado] :
_bDiario digital El Búho,
_c2025
300 _a23 páginas :
_b
_c21 cm.
_e
440 _a
_n
_v
650 _aLEN
653 _aLenguaje
654 _aCHU
700 _a
_c
856 _uhttps://itmsp.museknowledge.com/UCSP?groupID=2
_zVéase además: Base de datos EBSCOhost
942 _cLIB
_dJUS
_fMAT
_2ddc
_n
999 _c21833
_d21833